| 000 | 00581nam a22001937a 4500 | ||
|---|---|---|---|
| 003 | KOHA_MİRAKIL | ||
| 005 | 20251218103837.0 | ||
| 008 | 251218b tu ||||| |||| 00| 0 tur d | ||
| 020 | _a9786054996018 | ||
| 040 |
_aTR-AnABB _btur _cTR-AnABB |
||
| 041 | _atur | ||
| 082 |
_a720.9561015 _bOSM 2013 |
||
| 100 | 1 | _aAdanır, Fatih, | |
| 245 | 1 | 0 |
_aOsmanlı ve Cumhuriyet dönemi Kahramanmaraş konutlar / _cFatih Adanır |
| 260 |
_aKahramanmaraş : _bKahramanmaraş Belediyesi, _c2013 |
||
| 300 |
_a552 sayfa ; _c22 cm |
||
| 650 | 0 | 4 | _aOsmanlı mimarisi |
| 942 |
_2ddc _cBK |
||
| 999 |
_c9760 _d9760 |
||
| 900 | _bGizem YORULMAZ | ||